Ο γλάρος με τα τυρκουάζ μάτια
Saved in:
| Main Author: | |
|---|---|
| Format: | Book |
| Language: | Greek |
| Published: |
Αθήνα :
Εκδόσεις Καρανάση,
1986
|
| Subjects: | |
| Tags: |
Add Tag
No Tags, Be the first to tag this record!
|
MARC
| LEADER | 00000cam a2200000 i 4500 | ||
|---|---|---|---|
| 001 | 1/6005 | ||
| 008 | 100323s1986 gre d | ||
| 035 | |l 10107361 | ||
| 040 | |a GR-MY-UA |b gre |e aacr | ||
| 041 | 0 | |a gre | |
| 082 | 0 | |a 889.3 |2 (22) | |
| 100 | 1 | |a Βαρβέρης, Κώστας Ν., |d 1938- | |
| 245 | 1 | 2 | |a Ο γλάρος με τα τυρκουάζ μάτια / |c Κώστας Βαρβέρης |
| 260 | |a Αθήνα : |b Εκδόσεις Καρανάση, |c 1986 | ||
| 300 | |a 95 σ.; |c 21 εκ. | ||
| 650 | 0 | 0 | |a Greek fiction, Modern |y 20th century. |
| 852 | |a INST |b SYROS |c KYK |e 20100323 |h 889.3 ΒΑΡ |p 005500007734 |q 005500007734 |t BK |y 0 | ||
| 901 | |a BIBL5-2010-1 | ||
| 909 | |a Ε |b 160332 | ||
| 970 | |a ΚΟΝΤΟΥ |b ΠΑΡΑΣΚΕΥΗ |z 2010/03/23 | ||